rock squad old and new memebers - Statistics

General Stats
  • This quiz has been taken 127 times
  • The average score is 6 of 16
Answer Stats
Answer % Correct
gia
96%
ryder
92%
anis
84%
faye
84%
peja
63%
jack
57%
lyla
39%
ali
27%
nico
24%
nastya
20%
mandy
14%
nayali
14%
ezra
10%
harliegh
6%
juilan
4%
jacklyen
2%
No matching quizzes found
Score Distribution
Percent of People with Each Score
Percentile by Number Answered
Your Score History
You have not taken this quiz